000 00971nam a2200253Ia 4500
003 OSt
005 20220923211054.0
006 a|||||r|||| 00| 0
007 ta
008 220922b |||||||| |||| 00| 0 hin d
020 _a8177142518 (hbk)
_c106.25
024 _a245,191
037 _b370, 11/02/2011, Swaraj Prakashan
_cTextual
040 _aARTS
_cARTS
_bhin
041 _2hin
_ahin
082 _aO152,2:g(NT), P6
100 _aसिद्दीक़ी, अनवर अहमद
_9157877
245 0 _aअनुदित हिन्दी नाटक एक रंग दृष्टि
246 _aAnudit hindī nāṭak ek ranga dṛuṣhṭi
260 _aनयी दिल्ली
_b प्रकाशन संस्थान
_c2006
300 _a112पृ.
_ccm.
942 _hO152,2:g(NT), P6
_cTEXL
_2CC
999 _c294819
_d294819